Suburbs by U.S. City - Statistics

General Stats
  • This quiz has been taken 71 times
    56 since last reset
  • The average score is 15 of 24
Answer Stats
City Population Suburb % Correct
Dallas 259,857 Plano
95%
Dallas 365,438 Arlington
90%
Phoenix 439,041 Mesa
90%
Dallas 741,206 Fort Worth
87%
Phoenix 217,385 Scottsdale
87%
Chicago 141,853 Naperville
82%
Seattle 122,363 Bellevue
79%
Los Angeles 462,257 Long Beach
79%
Seattle 198,397 Tacoma
79%
Los Angeles 336,265 Anaheim
77%
Chicago 197,899 Aurora
77%
Phoenix 236,123 Chandler
74%
Los Angeles 324,528 Santa Ana
74%
Chicago 147,433 Joliet
67%
Houston 78,817 Sugar Land
64%
Seattle 103,019 Everett
62%
Atlanta 93,853 Sandy Springs
54%
New York 759,757 Hempstead
49%
Houston 93,847 The Woodlands
46%
Atlanta 88,346 Roswell
41%
Atlanta 85,769 South Fulton
26%
Houston 87,654 Conroe
23%
New York 335,543 Islip
15%
New York 486,040 Brookhaven
10%
No matching quizzes found
Score Distribution
Percent of People with Each Score
Percentile by Number Answered
Your Score History
You have not taken this quiz since the last reset